书目信息 |
| 题名: |
红尘陷落
|
|
| 作者: | 小叶秀子 著 | |
| 分册: | ||
| 出版信息: | 广州 花城出版社 1998 |
|
| 页数: | 402页 | |
| 开本: | 20cm | |
| 丛书名: | ||
| 单 册: | ||
| 中图分类: | D669.1 | |
| 科图分类: | 33.654 | |
| 主题词: | 离婚--研究--中国 , 离婚 | |
| 电子资源: | ||
| ISBN: | 7-5360-2812-1 | |
| 000 | 00789nam0 2200277 450 | |
| 001 | 0199001139 | |
| 005 | 20100713020049.0 | |
| 010 | @a7-5360-2812-1@dCNY19.00 | |
| 011 | @a7-5360-2812-1 | |
| 100 | @a19981224d1998 emky0chiy0110 ea | |
| 101 | 0 | @achi |
| 102 | @aCN@b440000 | |
| 105 | @ay z 000yy | |
| 106 | @ar | |
| 200 | 1 | @a红尘陷落@9Hong;Gong Chen Xian Luo;La;Lao @e第三次离婚浪潮@f小叶秀子著 |
| 210 | @a广州@c花城出版社@d1998 | |
| 215 | @a402页@d20cm | |
| 510 | 1 | @aThe breakdown of families@zeng |
| 517 | 1 | @a第三次离婚浪潮@9di san ci li hun lang chao |
| 606 | 0 | @a离婚@x研究@y中国 |
| 606 | 0 | @a离婚 |
| 690 | @aD669.1@v3 | |
| 692 | @a33.654@v2 | |
| 701 | 0 | @a小叶秀子@9xiao ye xiu zi@4著 |
| 801 | 0 | @aCN@b91MARC@c20130904 |
| 905 | @aBZT@dD669.1@e31@f1@sD669.1/31 | |
| 红尘陷落:第三次离婚浪潮/小叶秀子著.-广州:花城出版社,1998 |
| 402页;20cm |
| ISBN 7-5360-2812-1:CNY19.00 |
| ● |
| 相关链接 |
|
|
|
正题名:红尘陷落
索取号:D669.1/31
 
预约/预借
| 序号 | 登录号 | 条形码 | 馆藏地/架位号 | 状态 | 备注 |
| 1 | 2000137629 | 2000137629 | 旧书回溯/ [索取号:D669.1/31] | 在馆 |